000 01822nam a2200301 a 4500
001 BRCA_2684
005 20190320203925.0
008 021208s1884----sp-#---###---#000-0#spa-u
041 _aspa
044 _asp
084 _a202
_b.O78
_c1884
100 1 _aCervantes Saavedra, Miguel de
_d1547-1616
_9213
245 1 0 _aEl Ingenioso Hidalgo Don Quijote de la Mancha
_ccompuesto por Miguel de Cervantes Saavedra.
260 _aPalencia (España)
_bFeliciano
_c1884
300 _a552 p.
_c24 cm.
500 _aContenido : Advertencia del editor. Documentos de la edición príncipe. Dedicatoria del autor. Prólogo del autor. Versos preliminares. Texto. Fé de erratas
500 _aEdición : Nueva edición con notas sobre el texto, del puño y letra del autor, en el ejemplar prueba de corrección de la edición de 1605. Único ejemplar conocido
500 _aA pesar de tan fanfarronesco título, se trata de un texto mutilado y arreglado caprichosamente por cabeza calenturienta y soñadora, pues de otro modo no se comprende la añadidura de tantos disparates en este nuevo texto. Las pruebas del craso error en que cayó el Sr. Ortego, se hallan expuestas por L. Rius (Bibliografía... t. I, no. 189, págs. 94-96, t. II, no. 326, págs. 210-212), y por M. Menéndez y Pelayo (en la misma obra de Rius, t. II, págs. 212-215). Buena impresión. Piel; lomera y planos decorados con adornos dorados Lúdovik Osterc
500 _aQM192
546 _aTexto en : español
650 1 4 _aNovela española
_yÉpoca clásica, 1500-1700
_9215
650 1 4 _aLitertura española
_yÉpoca clásica, 1500-1700
_97607
650 1 4 _aNovela española
_ySiglo XVII
_9217
650 1 4 _aDon Quijote (Personaje ficticio)
_eNovela
_9218
740 0 _aEl Ingenioso Hidalgo Don Quijote de la Mancha
902 _aQFM
942 _2lcc
_cB
999 _c2424
_d2424